I Survived The American Revolution,1776/ (Record no. 203010)

MARC details
000 -LEADER
fixed length control field 00511 a2200193 4500
005 - DATE AND TIME OF LATEST TRANSACTION
control field 20240520124029.0
010 ## - LCCN (DPL NO)
LC control number B-759115
020 ## - INTERNATIONAL STANDARD BOOK NUMBER
International Standard Book Number 9789354716430
Terms of availability 599.00
035 ## - SYSTEM CONTROL NUMBER
System control number B-759115
037 ## - SOURCE OF ACQUISITION
Source of stock number/acquisition Gift
082 ## - DEWEY DECIMAL CLASSIFICATION NUMBER
Classification number N
100 ## - MAIN ENTRY--PERSONAL NAME
Personal name Tarshis, Lauren
245 ## - TITLE STATEMENT
Title I Survived The American Revolution,1776/
Statement of responsibility, etc Lauren Tarshis
260 ## - PUBLICATION, DISTRIBUTION, ETC. (IMPRINT)
Place of publication, distribution, etc London
Name of publisher, distributor, etc Scholastic
Date of publication, distribution, etc 2023
270 ## - ADDRESS
Address London
City London
300 ## - PHYSICAL DESCRIPTION
Extent 158 p.
Dimensions 22 cm(Pb)
942 ## - ADDED ENTRY ELEMENTS (KOHA)
Institution code [OBSOLETE] dpl
Item type Children Books
Source of classification or shelving scheme Dewey Decimal Classification
Classification part N
Call number suffix TAR
Holdings
Withdrawn status Lost status Not for loan Collection code Home library Current library Date acquired Source of acquisition Cost, normal purchase price Full call number Barcode Copy number Cost, replacement price Koha item type Public note
      Fiction Sarojini Nagar Sarojini Nagar 20/05/2024 Gift/20.5.24 599.00 N TAR B-759115 1 599.00 Children Books Gift

© Delhi Public Library
Hit Counter
free hit counter